Packaging
| Format: | Book |
|---|---|
| Published: |
London :
Franklin Watts ,
1990
|
| Series: | Finding out about
|
| Subjects: |
MARC
| LEADER | 00000cam a2200000 7i4500 | ||
|---|---|---|---|
| 001 | 0000002682 | ||
| 002 | 000002910 | ||
| 005 | 20080421.0 | ||
| 020 | |a 0749603267 | ||
| 090 | 0 | 0 | |a 030 |b FIN |
| 245 | 0 | 0 | |a Packaging |
| 260 | |a London : |b Franklin Watts , |c 1990 | ||
| 300 | |a 48p. ; |c 30cm. | ||
| 490 | 0 | |a Finding out about | |
| 650 | 0 | 0 | |a Packaging |x Juvenile literature |
| 999 | |a 036156 |b BUKU |c JUNIOR BOOKS |e PERPUSTAKAAN KOMUNITI CAW KOTA DAMANSARA | ||